| 000 | 00440nam a22001577a 4500 | ||
|---|---|---|---|
| 020 | _a9789692208178 | ||
| 082 |
_a297.4 _bAZE |
||
| 100 | _aAzeemi, Khawaja Shams Ul Deen | ||
| 245 |
_aSada-e-Jars / _cKhawaja Shams Ul Deen Azeemi |
||
| 260 |
_aKarachi : _bAzeemi University Press, _c2022. |
||
| 300 |
_a307 p. ; _c22 cm. |
||
| 563 | _aHBK. | ||
| 650 |
_aتصوف _9113847 |
||
| 880 |
_6245-02\r _aصداۓ جرس |
||
| 942 |
_2ddc _cBK |
||
| 999 |
_c595037 _d595037 |
||